000 00668nam a2200217Ia 4500
003 GCL
008 140319s9999 xx 000 0 ara d
020 _a2419602977
040 _aGCL /
_cGCL
082 0 4 _aط
_b001.2
_bد ك
100 1 _aمصطفى بدران
245 1 0 _aكتابك الاول عن : الاصلاحات المنزلية /
_cمصطفى بدران
700 1 _aبنديك ، جين
700 1 _aمحمد صابر سليم
260 _aالقاهرة :
_bدار المعارف ،
_c1993
300 _a64 ص ؛
_c18 سم
490 _aكتابك الاول عن
_v15
650 0 4 _aالزجاج
650 0 4 _aالمنزل
942 _2ddc
_cBK
999 _c58357
_d58357